Increasing efficiency by minimizing planting strip maintenance in rubber trees (Record no. 61013)

MARC details
000 -LEADER
fixed length control field 00392nam a2200145Ia 4500
100 ## - MAIN ENTRY--AUTHOR NAME
Personal name Siagian N
245 #0 - TITLE STATEMENT
Title Increasing efficiency by minimizing planting strip maintenance in rubber trees
260 ## - PUBLICATION, DISTRIBUTION, ETC. (IMPRINT)
Name of publisher Bulletin Perkaretan
Year of publication 1990
300 ## - PHYSICAL DESCRIPTION
Number of Pages 73-76
500 ## - GENERAL NOTE
General note Source Year: 1992
700 ## - ADDED ENTRY--PERSONAL NAME
Personal name Sunarwidi
856 ## - ELECTRONIC LOCATION AND ACCESS
Uniform Resource Identifier HOA
942 ## - ADDED ENTRY ELEMENTS (KOHA)
Koha item type Journals
Holdings
Withdrawn status Lost status Damaged status Not for loan Home library Current library Date acquired Serial Enumeration / chronology Koha item type
      Journals RRII Library RRII Library 17/12/2021 Volume 8, Issue 3 Journals